Представление документа в формате RUSMARC

ПолеНазваниеЗначение
  Тип записи c
  Библиографический уровень m
001 Контрольный номер UONB/MAIN/41998ebc9ff243ffa7236120b38fda0c
005 Дата корректировки 20241112125337.8
100 Данные общей обработки __
a Данные общей обработки 20241112b1971 u y0rusy0189 ca
101 Язык документа 0_
a Язык текста rus
f Язык титульного листа rus
102 Страна публикации __
a Страна публикации RU
200 Заглавие и сведения об ответственности 1_
a Заглавие Русский сувенир
f Первые сведения об ответственности сборник пьес
210 Выходные данные 1_
a Место издания Ленинград
a Место издания Москва
c Издательство 1971 -
215 Физическое описание __
d Формат 29 см
686 Индексы других классификаций __
a Классификационный индекс 85
2 Код системы rubbk
801 Источник записи _0
a Страна RU
b Организация Ульяновская ОНБ
c Дата составления 20241112
g Правила каталогизации RCR
801 Источник записи _1
a Страна RU
b Организация Ульяновская ОНБ
c Дата составления 20241112
g Правила каталогизации RCR
901 Тип документа __
t Тип документа v
909 Создатель записи __
a Создатель записи Никитина Т. А.
b Дата создания записи 20241112